<?xml version="1.0" encoding="UTF-8"?><?xml-stylesheet type="text/xsl" href="static/style.xsl"?><OAI-PMH xmlns="http://www.openarchives.org/OAI/2.0/" xmlns:xsi="http://www.w3.org/2001/XMLSchema-instance" xsi:schemaLocation="http://www.openarchives.org/OAI/2.0/ http://www.openarchives.org/OAI/2.0/OAI-PMH.xsd"><responseDate>2026-04-17T21:34:07Z</responseDate><request verb="GetRecord" identifier="oai:www.recercat.cat:2117/445083" metadataPrefix="marc">https://recercat.cat/oai/request</request><GetRecord><record><header><identifier>oai:recercat.cat:2117/445083</identifier><datestamp>2025-11-01T19:26:03Z</datestamp><setSpec>com_2072_1033</setSpec><setSpec>col_2072_452951</setSpec></header><metadata><record xmlns="http://www.loc.gov/MARC21/slim" xmlns:dcterms="http://purl.org/dc/terms/" xmlns:xsi="http://www.w3.org/2001/XMLSchema-instance" xmlns:doc="http://www.lyncode.com/xoai" xsi:schemaLocation="http://www.loc.gov/MARC21/slim http://www.loc.gov/standards/marcxml/schema/MARC21slim.xsd">
   <leader>00925njm 22002777a 4500</leader>
   <datafield ind2=" " ind1=" " tag="042">
      <subfield code="a">dc</subfield>
   </datafield>
   <datafield ind2=" " ind1=" " tag="720">
      <subfield code="a">El Maadioui El Issati, Soufian</subfield>
      <subfield code="e">author</subfield>
   </datafield>
   <datafield ind2=" " ind1=" " tag="260">
      <subfield code="c">2025-06</subfield>
   </datafield>
   <datafield ind2=" " ind1=" " tag="520">
      <subfield code="a">En en el present TFM, treball fi de màster, s’han desenvolupat, entrenat, i avaluat diferents models de xarxes neuronals per predir l’energia elèctrica generada en quatre parcs eòlics diferents, a partir d’una base de dades que recull informació sobre la generació energètica, la velocitat del vent i les condicions ambientals. D’entrada, s’ha realitzat un estudi sobre l’estat de l’art, on s’han definit els antecedents, l’estat de la qüestió, l’estat de la tecnologia i de la ciència, així com també els conceptes teòrics importants que es desenvolupen al llarg del treball, com ara els diferents tipus de xarxes neuronals. A continuació, s’ha dut a terme un tractament de les dades, amb transformacions de variables, eliminació d’algunes i incorporació d’altres. Després, s’han entrenat diversos models de xarxes neuronals del tipus MLP (Perceptró multicapa) i LSTM (Memòria a llarg termini). Els resultats obtinguts mostren que, en tots quatre parcs les xarxes MLP s’adapten millor a la base de dades amb què s’ha treballat. La funció de pèrdua utilitzada per avaluar els models ha estat la MSE (l’error quadràtic mitjà) amb un valor màxim de 0,01 en el pitjor dels casos, que correspon al parc 1. Pel que fa les xarxes LSTM, ofereixen resultats menys precisos, essent el millor del casos un mse de 0,011. En conclusió, aquest treball ha permès validar l’aplicació de les xarxes neuronals en la predicció de la generació energètica dels parcs eòlics, posant en manifest la importància de saber seleccionar i adaptar el model a les dades disponibles.</subfield>
   </datafield>
   <datafield ind1="8" ind2=" " tag="024">
      <subfield code="a">http://hdl.handle.net/2117/445083</subfield>
   </datafield>
   <datafield tag="653" ind2=" " ind1=" ">
      <subfield code="a">Àrees temàtiques de la UPC::Energies</subfield>
   </datafield>
   <datafield tag="653" ind2=" " ind1=" ">
      <subfield code="a">Wind power -- Forecasting</subfield>
   </datafield>
   <datafield tag="653" ind2=" " ind1=" ">
      <subfield code="a">Machine learning</subfield>
   </datafield>
   <datafield tag="653" ind2=" " ind1=" ">
      <subfield code="a">Neural networks (Computer science)</subfield>
   </datafield>
   <datafield tag="653" ind2=" " ind1=" ">
      <subfield code="a">Energia eòlica -- Previsió</subfield>
   </datafield>
   <datafield tag="653" ind2=" " ind1=" ">
      <subfield code="a">Aprenentatge automàtic</subfield>
   </datafield>
   <datafield tag="653" ind2=" " ind1=" ">
      <subfield code="a">Xarxes neuronals (Informàtica)</subfield>
   </datafield>
   <datafield ind2="0" ind1="0" tag="245">
      <subfield code="a">Predicció de l’energia generada en sistemes eòlics mitjançant xarxes neuronals</subfield>
   </datafield>
</record></metadata></record></GetRecord></OAI-PMH>